<?xml version="1.0" encoding="UTF-8"?>
<record
    xmlns:xsi="http://www.w3.org/2001/XMLSchema-instance"
    xsi:schemaLocation="http://www.loc.gov/MARC21/slim http://www.loc.gov/standards/marcxml/schema/MARC21slim.xsd"
    xmlns="http://www.loc.gov/MARC21/slim">

  <leader>02986nam a2200349   4500</leader>
  <controlfield tag="003">OSt</controlfield>
  <controlfield tag="005">20260512083746.0</controlfield>
  <controlfield tag="008">260512b        |||||||| |||| 00| 0 aze d</controlfield>
  <datafield tag="040" ind1=" " ind2=" ">
    <subfield code="a">AZ-XaKU</subfield>
    <subfield code="b">aze</subfield>
    <subfield code="c">AZ-XaKU</subfield>
  </datafield>
  <datafield tag="041" ind1=" " ind2=" ">
    <subfield code="a">aze</subfield>
  </datafield>
  <datafield tag="050" ind1="1" ind2="4">
    <subfield code="a">TH490 .F2595 2023</subfield>
  </datafield>
  <datafield tag="100" ind1="1" ind2=" ">
    <subfield code="a">F&#x259;rz&#x259;liyev, S.A,</subfield>
    <subfield code="e">m&#xFC;&#x259;llif.</subfield>
  </datafield>
  <datafield tag="245" ind1="1" ind2=" ">
    <subfield code="a">Tikinti peosesl&#x259;rinin texnoloji layih&#x259;ndirilm&#x259;si</subfield>
    <subfield code="c">/ S.A.F&#x259;rz&#x259;liyev, F.&#x18F;,V&#x259;liyev ; Ba&#x15F; redaktor &#x18F;.M.B&#x259;l&#x259;g&#xF6;zov ; r&#x259;y&#xE7;il&#x259;r S.Q&#x259;niyeva, &#x18F;.M.B&#x259;l&#x259;g&#xF6;zov, &#x18F;.M.Allahverdiyev</subfield>
  </datafield>
  <datafield tag="264" ind1=" " ind2=" ">
    <subfield code="a">Bak&#x131;:</subfield>
    <subfield code="b">"Az&#x259;ri",</subfield>
    <subfield code="c">2023.</subfield>
  </datafield>
  <datafield tag="300" ind1=" " ind2=" ">
    <subfield code="a">144 s&#x259;hif&#x259; ;</subfield>
    <subfield code="c">20,5 sm.</subfield>
  </datafield>
  <datafield tag="336" ind1=" " ind2=" ">
    <subfield code="a">text</subfield>
    <subfield code="b">txt</subfield>
    <subfield code="2">rdacontent</subfield>
  </datafield>
  <datafield tag="337" ind1=" " ind2=" ">
    <subfield code="a">unmediated</subfield>
    <subfield code="b">n</subfield>
    <subfield code="2">rdamedia</subfield>
  </datafield>
  <datafield tag="338" ind1=" " ind2=" ">
    <subfield code="a">volume </subfield>
    <subfield code="b">nc</subfield>
    <subfield code="2">rdacarrier</subfield>
  </datafield>
  <datafield tag="504" ind1=" " ind2=" ">
    <subfield code="a">&#x130;stifad&#x259; olunmu&#x15F; &#x259;d&#x259;biyyatlar: s. 141-143</subfield>
  </datafield>
  <datafield tag="505" ind1="0" ind2=" ">
    <subfield code="a">F&#x259;sil 1. Tikinti istehsalat&#x131;n&#x131;n x&#xFC;susiyy&#x259;tl&#x259;ri -- F&#x259;sil 2. &#x18F;m&#x259;k resurslar&#x131; v&#x259; &#x259;m&#x259;yin t&#x259;&#x15F;kili -- F&#x259;sil 3. Tikinti prosesl&#x259;rinin texnoloji layih&#x259;l&#x259;ndirilm&#x259;si -- F&#x259;sil 4. N&#x259;qliyyat i&#x15F;l&#x259;ri -- F&#x259;sil 5. Torpaq i&#x15F;l&#x259;ri -- F&#x259;sil 6. Svay i&#x15F;l&#x259;ri -- F&#x259;sil 7. Torpaq i&#x15F;l&#x259;rinin istehsal&#x131; &#xFC;&#xE7;&#xFC;n tipik texnoloji x&#x259;rit&#x259;. Qrutda &#xE7;alan&#x131;n qaz&#x131;lmas&#x131;.</subfield>
  </datafield>
  <datafield tag="520" ind1=" " ind2=" ">
    <subfield code="a">T&#x259;qdim olunan d&#x259;rs v&#x259;saitind&#x259;, tikinti istehsalat&#x131;n&#x131;n x&#xFC;susiyy&#x259;tl&#x259;ri, tikinti prosesl&#x259;rinin texnoloji layih&#x259;l&#x259;ndirilm&#x259;si v&#x259; yeralt&#x131; i&#x15F;l&#x259;rin texnologiyas&#x131; il&#x259; ba&#x11F;l&#x131; tikinti istehsalat&#x131;n&#x131;n son nailiyy&#x259;tl&#x259;ri n&#x259;z&#x259;r&#x259; al&#x131;nmaqla n&#x259;z&#x259;ri bilikl&#x259;r toplanm&#x131;&#x15F;d&#x131;r. M&#xFC;asir tikinti istehsalat&#x131;nda yeni texnologiyalar&#x131;n t&#x259;tbiqi onun texnoloji m&#x259;s&#x259;l&#x259;l&#x259;rinin &#xF6;yr&#x259;nilm&#x259;sini aktualla&#x15F;d&#x131;r&#x131;r. Bu s&#x259;b&#x259;bd&#x259;n d&#x259;rs tikinti prosesl&#x259;ri v&#x259; i&#x15F;l&#x259;ri, onlar&#x131;n t&#x259;rkibi v&#x259; qurulu&#x15F;u, material elementl&#x259;r, tikinti istehsalat&#x131;n&#x131;n s&#x259;nayel&#x259;&#x15F;dirilm&#x259;sinin x&#xFC;susiyy&#x259;tl&#x259;ri, tikinti istehsalat&#x131;n&#x131;n normativ-texniki v&#x259; texnoloji s&#x259;n&#x259;dl&#x259;&#x15F;dirilm&#x259;si, &#x259;m&#x259;k resurslar&#x131; v&#x259; &#x259;m&#x259;yin t&#x259;&#x15F;kili, &#x259;m&#x259;k prosesl&#x259;rinin x&#x259;rit&#x259;l&#x259;ri v&#x259; onlar&#x131;n t&#x259;rkibi, tikintid&#x259; istifad&#x259; edil&#x259;n n&#x259;qliyyat vasit&#x259;l&#x259;rinin n&#xF6;vl&#x259;ri, torpaq i&#x15F;l&#x259;ri, torpa&#x11F;&#x131;n i&#x15F;l&#x259;nm&#x259;sinin mexanikl&#x259;&#x15F;dirilm&#x259;si, svay i&#x15F;l&#x259;ri, tikinti istehsalat&#x131;n&#x131;n inki&#x15F;af etdirilm&#x259;sinin v&#x259; t&#x259;kmill&#x259;&#x15F;dirilm&#x259;sinin &#x259;sas istiqam&#x259;tl&#x259;ri v&#x259; s. kimi m&#x259;s&#x259;l&#x259;l&#x259;r&#x259; bax&#x131;lm&#x131;&#x15F;d&#x131;r.</subfield>
  </datafield>
  <datafield tag="521" ind1=" " ind2=" ">
    <subfield code="a">D&#x259;rs v&#x259;saiti tikinti istehsalat&#x131;n&#x131;n b&#xFC;t&#xFC;n istiqam&#x259;ti &#xFC;zr&#x259; t&#x259;hsilin bakalavr v&#x259; magistr pill&#x259;l&#x259;rind&#x259; darsalanlar v&#x259; bu istiqam&#x259;td&#x259; d&#x259;rsver&#x259;nl&#x259;r &#xFC;&#xE7;&#xFC;n n&#x259;z&#x259;rd&#x259; tutulmu&#x15F;dur. D&#x259;rs v&#x259;saiti h&#x259;m&#xE7;inin tikinti istehsalat&#x131; il&#x259; m&#x259;&#x15F;&#x11F;ul olan tikinti t&#x259;&#x15F;kilatlar&#x131; v&#x259; istehsalatda &#xE7;al&#x131;&#x15F;an m&#xFC;t&#x259;x&#x259;ssisl&#x259;r &#xFC;&#xE7;&#xFC;n d&#x259; faydal&#x131; ola bil&#x259;c&#x259;k.</subfield>
  </datafield>
  <datafield tag="650" ind1=" " ind2="7">
    <subfield code="a">Bina Tikintisi</subfield>
    <subfield code="2">AZ-XaKU</subfield>
  </datafield>
  <datafield tag="655" ind1=" " ind2=" ">
    <subfield code="2">AZ-XaKU</subfield>
    <subfield code="a">D&#x259;rslik</subfield>
  </datafield>
  <datafield tag="700" ind1="1" ind2=" ">
    <subfield code="a">V&#x259;liyev, F.&#x18F;,</subfield>
    <subfield code="q">m&#xFC;&#x259;llif</subfield>
  </datafield>
  <datafield tag="700" ind1="1" ind2=" ">
    <subfield code="a">B&#x259;l&#x259;g&#xF6;zov, &#x18F;.M,</subfield>
    <subfield code="q">ba&#x15F; redaktor.</subfield>
  </datafield>
  <datafield tag="700" ind1="1" ind2=" ">
    <subfield code="a">Q&#x259;niyeva, S.</subfield>
    <subfield code="q">r&#x259;y&#xE7;i.</subfield>
  </datafield>
  <datafield tag="700" ind1="1" ind2=" ">
    <subfield code="a">B&#x259;l&#x259;g&#xF6;zov, &#x18F;.M,</subfield>
    <subfield code="q">r&#x259;y&#xE7;i.</subfield>
  </datafield>
  <datafield tag="700" ind1="1" ind2=" ">
    <subfield code="a">Allahverdiyev, &#x18F;.M,</subfield>
    <subfield code="q">r&#x259;y&#xE7;i.</subfield>
  </datafield>
  <datafield tag="942" ind1=" " ind2=" ">
    <subfield code="c">BOOK</subfield>
  </datafield>
  <datafield tag="999" ind1=" " ind2=" ">
    <subfield code="c">416</subfield>
    <subfield code="d">416</subfield>
  </datafield>
  <datafield tag="952" ind1=" " ind2=" ">
    <subfield code="0">0</subfield>
    <subfield code="1">0</subfield>
    <subfield code="2">lcc</subfield>
    <subfield code="4">0</subfield>
    <subfield code="7">0</subfield>
    <subfield code="8">GC</subfield>
    <subfield code="a">KU</subfield>
    <subfield code="b">KU</subfield>
    <subfield code="d">2026-05-12</subfield>
    <subfield code="l">0</subfield>
    <subfield code="o">TH490 .F2595 2023</subfield>
    <subfield code="p">0000000339</subfield>
    <subfield code="r">2026-05-12 08:35:56</subfield>
    <subfield code="t">1</subfield>
    <subfield code="w">2026-05-12</subfield>
    <subfield code="y">BOOK</subfield>
  </datafield>
</record>
